<?xml version="1.0" encoding="UTF-8"?>
<marc:record xmlns:marc="http://www.loc.gov/MARC21/slim">
   <marc:leader>00000nam a2200000 a 4500</marc:leader>
   <marc:datafield ind1="1" ind2=" " tag="100">
      <marc:subfield code="a">Sonnleitner Marco</marc:subfield>
      <marc:subfield code="4">aut</marc:subfield>
      <marc:subfield code="e">Verfasser/-in</marc:subfield>
   </marc:datafield>
   <marc:datafield ind1=" " ind2=" " tag="653">
      <marc:subfield code="a">Kinderbücher bis 11 Jahre</marc:subfield>
   </marc:datafield>
   <marc:datafield ind1="0" ind2="0" tag="245">
      <marc:subfield code="a">Die drei ???</marc:subfield>
   </marc:datafield>
   <marc:datafield ind1=" " ind2="1" tag="264">
      <marc:subfield code="b">Winkler</marc:subfield>
      <marc:subfield code="c">2013</marc:subfield>
   </marc:datafield>
   <marc:datafield ind1="1" ind2=" " tag="490">
      <marc:subfield code="a">Die drei ???</marc:subfield>
   </marc:datafield>
   <marc:datafield ind1="1" ind2=" " tag="520">
      <marc:subfield code="a">Angaben aus der Verlagsmeldung

Die drei ??? Der Biss der Bestie Die drei ??? Schwarze Madonna

In zwei F&amp;auml;llen bekommen es &amp;rsaquo;Die drei ???&amp;reg;&amp;lsaquo; mit besonders gef&amp;auml;hrlichen Gegnern zu tun: Das Skelett eines S&amp;auml;belzahntigers scheint nachts zum Leben zu erwachen und zuzuschlagen. Justus, Peter und Bob wagen einen riskanten Selbstversuch. Und auch die harmlos aussehenden Gangster mit ihren Clownsmasken schrecken vor nichts zur&amp;uuml;ck &amp;ndash; und spielen ein undurchsichtiges Doppelspiel...
</marc:subfield>
   </marc:datafield>
   <marc:datafield ind1=" " ind2=" " tag="020">
      <marc:subfield code="a">9783423715324</marc:subfield>
      <marc:subfield code="9">9783423715324</marc:subfield>
   </marc:datafield>
</marc:record>
